Normal view
MARC view
Entry Topical Term
001 - CONTROL NUMBER
- control field: 27956
003 - CONTROL NUMBER IDENTIFIER
- control field: ARRUPE
005 - DATE AND TIME OF LATEST TRANSACTION
- control field: 20161206104756.0
008 - FIXED-LENGTH DATA ELEMENTS
- fixed length control field: 161206|| aca||aabn | a|a d
040 ## - CATALOGING SOURCE
- Original cataloging agency: ARRUPE
- Transcribing agency: ARRUPE
150 ## - HEADING--TOPICAL TERM
- Topical term or geographic name as entry element:
- Topical term following geographic name as entry element: Harare (Zimbabwe)
- General subdivision: Social conditions
- Chronological subdivision: 20th Century
670 ## - SOURCE DATA FOUND
- Source citation: Work cat.: (ARRUPE)6240: Yoshikuni, Tsuneo 27953, African urban experiences in colonial Zimbabwe